The existence and attributes of God (Record no. 9404)

MARC details
000 -LEADER
fixed length control field 01897cam a22004098i 4500
001 - CONTROL NUMBER
control field 22108679
003 - CONTROL NUMBER IDENTIFIER
control field GBCCL
005 - DATE AND TIME OF LATEST TRANSACTION
control field 20241126110711.0
008 - FIXED-LENGTH DATA ELEMENTS--GENERAL INFORMATION
fixed length control field 210701s2022 ilu b 001 0 eng
010 ## -
-- 2021030978
020 ## - INTERNATIONAL STANDARD BOOK NUMBER
International Standard Book Number 9781433565908
Qualifying information (hardcover)
020 ## - INTERNATIONAL STANDARD BOOK NUMBER
Canceled/invalid ISBN 9781433581755
Qualifying information (pdf)
020 ## - INTERNATIONAL STANDARD BOOK NUMBER
Canceled/invalid ISBN 9781433581762
Qualifying information (mobi)
020 ## - INTERNATIONAL STANDARD BOOK NUMBER
Canceled/invalid ISBN 9781433581779
Qualifying information (epub)
020 ## - INTERNATIONAL STANDARD BOOK NUMBER
Canceled/invalid ISBN 1589606027
020 ## - INTERNATIONAL STANDARD BOOK NUMBER
Canceled/invalid ISBN 9781589606029
040 ## - CATALOGING SOURCE
Original cataloging agency DLC
Language of cataloging eng
Description conventions rda
Transcribing agency DLC
042 ## -
-- pcc
050 00 -
-- BT130
-- .C43 2022
082 00 - DEWEY DECIMAL CLASSIFICATION NUMBER
Classification number 231.4
Edition information 23
Item number CHA
100 1# - MAIN ENTRY--PERSONAL NAME
Personal name Charnock, Stephen,
Dates associated with a name 1628-1680,
Relator term author.
9 (RLIN) 16387
245 14 - TITLE STATEMENT
Title The existence and attributes of God
Statement of responsibility, etc. Stephen Charnock
250 ## - EDITION STATEMENT
Edition statement 2 volumes in 1
264 ## - PRODUCTION, PUBLICATION, DISTRIBUTION, MANUFACTURE, AND COPYRIGHT NOTICE
Place of production, publication, distribution, manufacture Lafayette :
Name of producer, publisher, distributor, manufacturer Sovereign grace publishers,
Date of production, publication, distribution, manufacture, or copyright notice 2001.
300 ## - PHYSICAL DESCRIPTION
Extent 802
336 ## - CONTENT TYPE
Content type term text
Content type code txt
Source rdacontent
337 ## - MEDIA TYPE
Media type term unmediated
Media type code n
Source rdamedia
338 ## - CARRIER TYPE
Carrier type term volume
Carrier type code nc
Source rdacarrier
504 ## - BIBLIOGRAPHY, ETC. NOTE
Bibliography, etc. note Includes bibliographical references and index.
520 ## - SUMMARY, ETC.
Summary, etc. "In this two-volume work, Stephen Charnock mines in detail the biblical witness concerning God's existence and attributes, and he articulates a theology of God's being and nature. This classic work by a Puritan theologian opens up a window into who God is and howe we can best conceive of him. This updated edition of Charnock's seventeenth-century work, edited by Mark Jones, makes his content accessible to a new generation of readers"--
Assigning source Provided by publisher.
650 #0 - SUBJECT ADDED ENTRY--TOPICAL TERM
Topical term or geographic name entry element God (Christianity)
General subdivision Attributes.
9 (RLIN) 8525
650 #0 - SUBJECT ADDED ENTRY--TOPICAL TERM
Topical term or geographic name entry element God
General subdivision Proof.
9 (RLIN) 6063
776 08 - ADDITIONAL PHYSICAL FORM ENTRY
Relationship information Online version:
Main entry heading Charnock, Stephen, 1628-1680
Title Existence and attributes of God
Place, publisher, and date of publication Wheaton, Illinois : Crossway, 2022
International Standard Book Number 9781433581755
Record control number (DLC) 2021030979
906 ## - LOCAL DATA ELEMENT F, LDF (RLIN)
a 0
b vip
c orignew
d 1
e ecip
f 20
g y-gencatlg
942 ## - ADDED ENTRY ELEMENTS (KOHA)
Source of classification or shelving scheme Dewey Decimal Classification
Koha item type Books
Koha issues (borrowed), all copies 1
Holdings
Withdrawn status Lost status Source of classification or shelving scheme Damaged status Not for loan Home library Current Library Shelving location Date acquired Total checkouts Full call number Barcode Date last seen Date last checked out Copy number Price effective from Koha item type
    Dewey Decimal Classification     GRACE BIBLE COLLEGE GRACE BIBLE COLLEGE Theology 2022-11-23 2 231.4 CHA 015850 2025-10-03 2025-09-30 c.1 2022-11-23 Books
© Grace Bible College Library 2025